Out of Nowhere(Unreleased) Lyrics- Gracie Abrams - Statistics

General Stats
  • This quiz has been taken 18 times
  • The average score is 205 of 245
Answer Stats
Answer % Correct
before
100%
do
100%
don't
100%
I
100%
know
100%
know,
100%
know?
100%
me.
100%
me
100%
story.
100%
the
100%
wanna
100%
Wanna
100%
were
100%
who
100%
you
100%
you.
100%
You
100%
against
86%
And
86%
and
86%
Bite
86%
Burn
86%
but
86%
chemical,
86%
close,
86%
collide.
86%
fantasize.
86%
Favorite
86%
for
86%
fun.
86%
get
86%
her
86%
Hold
86%
hot
86%
how
86%
in
86%
it
86%
it's
86%
Kinda
86%
kinda
86%
Let
86%
lip
86%
mouth.
86%
my
86%
need
86%
now.
86%
Now
86%
nowhere.
86%
nowhere,
86%
out,
86%
Severing
86%
so
86%
take
86%
that
86%
thing
86%
thumb
86%
to
86%
up
86%
uppercut.
86%
violent,
86%
wall.
86%
What
86%
with
86%
your
86%
you're
86%
clothes
71%
come.
71%
control,
71%
Crawl
71%
Everyone's
71%
everyone's
71%
Firing
71%
ground,
71%
I'll
71%
into
71%
jaw.
71%
Just
71%
live
71%
luck,
71%
nullify
71%
open
71%
outta
71%
Outta
71%
parietal,
71%
see
71%
shirt.
71%
should
71%
terrifying.
71%
through.
71%
'til
71%
under
71%
unpredictable.
71%
Unpredictable.
71%
us.
71%
watching
71%
Cataclysmic
57%
cord,
57%
drown
57%
thoughts
57%
Leaving,
43%
Punch-drunk,
43%
No matching quizzes found
Score Distribution
Percent of People with Each Score
Percentile by Number Answered
Your Score History
You have not taken this quiz